=LDR 00000nam 2200000 4500 =001 INLIS000000000026088 =005 20130612124542 =008 ***********************************ind** =035 ##$$0010-061300000026088 =041 ##$$a ind =082 ##$$a F Rom D =090 ##$$a F Rom D, SAE h =100 ##$$a Saerozi, A.M., A =245 ##$$a Harimau Hantu, A. Saerozi =260 ##$$a 2001 $b Jakarta =300 ##$$a 143 hlm., ilus., 21 cm =650 ##$$a Cerita Roman Detektif =850 ##$$a NBPNMAT